| 000 | 01213cam a2200373 i 4500 | ||
|---|---|---|---|
| 999 |
_c200438421 _d56633 |
||
| 001 | 200438421 | ||
| 003 | TR-AnTOB | ||
| 005 | 20230729001319.0 | ||
| 007 | ta | ||
| 008 | 051018s2004 tu 00000 tur d | ||
| 020 |
_a9755128867 _q(paperback) |
||
| 020 |
_a9789755128863 _q(paperback) |
||
| 035 | _a(OCoLC)57661546 | ||
| 035 | _a(TR-AnTOB)200438421 | ||
| 040 |
_aB9K _beng _erda _cB9K _dSULEY _dTR-AnTOB |
||
| 041 | 0 | _atur | |
| 050 | 4 |
_aHD37.T8 _bG47 2004 |
|
| 090 |
_aHD37.T8 _bG47 2004 |
||
| 245 | 0 | 0 |
_aGerileyen enflasyon ortamında işletme yönetimi / _chazırlayan İlkay Çapraz. |
| 264 | 1 |
_aİstanbul : _bİstanbul Ticaret Odası, _c2004. |
|
| 300 |
_a32 pages ; _c20 cm |
||
| 336 |
_atext _btxt _2rdacontent |
||
| 337 |
_aunmediated _bn _2rdamedia |
||
| 338 |
_avolume _bnc _2rdacarrier |
||
| 490 | 0 |
_aİstanbul Ticaret Odası ; _vyayın no. 2004-49. |
|
| 650 | 7 |
_aYönetim _2etuturkob _955081 |
|
| 650 | 7 |
_aEndüstriyel yönetim _2etuturkob _96479 |
|
| 650 | 7 |
_aEnflasyon (Finans) _2etuturkob _948993 |
|
| 700 | 1 |
_aÇapraz, İlkay _eeditor _977149 |
|
| 710 | 2 |
_aİstanbul Ticaret Odası _919571 |
|
| 942 |
_2lcc _cBK |
||